Sports Quiz

Random Sports Quiz

Grand National Winners 1964-2014 Quiz Stats

Quiz not verified by Sporcle

Challenge
Share
Tweet
Embed
Score 0/51 Timer 10:00
0 Plays Today
Hint Answer % Correct
1973: J: Brian FletcherRed Rum
92.2%
1974: J: Brian FletcherRed Rum
92.2%
1977: J: Tommy StackRed Rum
92.2%
2005: J: Ruby WalshHedgehunter
73.4%
2006: J: Niall MaddenNumbersixvalverde
71.9%
2001: J: Richard GuestRed Marauder
67.2%
2010: J: Tony McCoyDon't Push It
64.1%
2009: J: Liam TreadwellMon Mome
63.3%
2004: J: Graham LeeAmberleigh House
61.7%
1981: J: Bob ChampionAldaniti
60.2%
1996: J: Mick FitzgeraldRough Quest
59.4%
2008: J: Timmy MurphyComply or Die
58.6%
1990: J: Marcus ArmytageMr Frisk
57.8%
1992: J: Carl LlewellynParty Politics
57.8%
2011: J: Jason MaguireBallabriggs
57%
2012: J: Daryl JacobNeptune Collonges
57%
2000: J: Ruby WalshPapillon
56.3%
2002: J: Jim CullotyBindaree
55.5%
2007: J: Robbie PowerSilver Birch
54.7%
1998: J: Carl LlewellynEarth Summit
53.1%
1999: J: Paul CarberryBobbyjo
53.1%
2013: J: Ryan ManiaAurora's Encore
51.6%
1967: J: John BuckinghamFoinavon
50.8%
1975: J: Tommy CarberryL'Escargot
50.8%
2003: J: Barry GeraghtyMonty's Pass
50.8%
1980: J: Charlie FenwickBen Nevis
48.4%
Hint Answer % Correct
1986: J: Richard DunwoodyWest Tip
47.7%
1983: J: Ben De HaanCorbiere
46.9%
1991: J: Nigel HawkeSeagram
46.1%
1997: J: Tony DobbinLord Gyllene
46.1%
1995: J: Jason TitleyRoyal Athlete
44.5%
1968: J: Brian FletcherRed Alligator
42.2%
1982: J: Dick SaundersGrittar
41.4%
1969: J: Eddie HartyHighland Wedding
39.1%
1984: J: Neale DoughtyHallo Dandy
39.1%
1987: J: Steve KnightMaori Venture
39.1%
1993: Void Race
39.1%
1979: J: Maurice BarnesRubstic
38.3%
1976: J: John BurkeRag Trade
37.5%
1989: J: Jimmy FrostLittle Polveir
36.7%
1985: J: Hywel DaviesLast Suspect
35.9%
1988: J: Brendan PowellRhyme N Reason
35.9%
1994: J: Richard DunwoodyMiinnehoma
35.9%
1970: J: Pat TaaffeGay Trip
32.8%
1978: J: Bob DaviesLucius
31.3%
2014: J: Leighton AspellPineau Du Re
31.3%
1972: J: Graham ThornerWell To Do
30.5%
1966: J: Tim NormanAnglo
28.1%
1971: J: John CookSpecify
25.8%
1965: J: Tommy SmithJay Trump
25%
1964: J: Willie RobinsonTeam Spirit
17.2%

You're not logged in!

Compare scores with friends on all Sporcle quizzes.
Sign Up with Email
OR
Log In

You Might Also Like...

Show Comments

Extras

Top Quizzes Today


Score Distribution

Your Account Isn't Verified!

In order to create a playlist on Sporcle, you need to verify the email address you used during registration. Go to your Sporcle Settings to finish the process.